[Event "Torneo A"]
[Site "Formia ITA"]
[Date "1995.07.??"]
[Round "?"]
[White "Borgo, Giulio"]
[Black "Djuric, Stefan"]
[Result "1/2-1/2"]
[WhiteElo "2345"]
[BlackElo "2470"]
[PlyCount "84"]
[EventDate "1995.07.20"]

1. e4 c5 2. Nf3 e6 3. c4 Nc6 4. Nc3 Nf6 5. Be2 d5 6. exd5 exd5 7. d4 cxd4 8.
Nxd4 Bb4 9. O-O O-O 10. Nxd5 Nxd5 11. Nxc6 bxc6 12. cxd5 cxd5 13. Be3 a5 14.
Rc1 Be6 15. Bf3 Bd6 16. Bd4 Rb8 17. Qd3 Qg5 18. g3 Be5 19. Rfd1 Bxd4 20. Qxd4
Rb4 21. Qc5 Rxb2 22. Bxd5 h6 23. Qd4 Re2 24. Bc4 Bxc4 25. Qxc4 Rfe8 26. Rc2 Qh5
27. Rxe2 Qxe2 28. Qxe2 Rxe2 29. a3 Kh7 30. Rd8 Ra2 31. Rd3 g5 32. g4 Kg6 33.
Rf3 Ra1+ 34. Kg2 a4 35. Rc3 f6 36. h3 h5 37. Rd3 h4 38. Rc3 Kf7 39. Re3 Ra2 40.
Kg1 Kf8 41. Kg2 Kg7 42. Rc3 Kf8 1/2-1/2

[Event "Torneo A"]
[Site "Formia ITA"]
[Date "1995.07.??"]
[Round "?"]
[White "Borgo, Giulio"]
[Black "Kadimova, Ilaha"]
[Result "1/2-1/2"]
[WhiteElo "2345"]
[BlackElo "2305"]
[PlyCount "91"]
[EventDate "1995.07.20"]

1. e4 e5 2. Nf3 Nc6 3. Nc3 Nf6 4. d4 exd4 5. Nxd4 Bb4 6. Nxc6 bxc6 7. Bd3 d5 8.
exd5 cxd5 9. O-O O-O 10. Bg5 c6 11. Na4 Re8 12. c3 Bd6 13. Re1 Rxe1+ 14. Qxe1
Bd7 15. Qd1 Qe7 16. Bh4 g6 17. b4 Kg7 18. Bg3 Re8 19. Qd2 h5 20. f3 Bxg3 21.
hxg3 Qe5 22. Qf4 Qxf4 23. gxf4 h4 24. Nc5 Bc8 25. Kf2 Nh5 26. Rh1 Nxf4 27. Rxh4
Nxd3+ 28. Nxd3 Ba6 29. Rd4 Bb5 30. Nf4 g5 31. Nh5+ Kg6 32. Ng3 f5 33. Rd2 f4
34. Ne2 Re3 35. Nd4 Ba4 36. Ne2 Kf6 37. g3 Ke5 38. gxf4+ gxf4 39. Nxf4 Rxc3 40.
Nd3+ Kf5 41. Nb2 Bc2 42. b5 Ke5 43. bxc6 Rxc6 44. Ke3 a5 45. Nd3+ Bxd3 46. Rxd3
1/2-1/2

[Event "Torneo A"]
[Site "Formia ITA"]
[Date "1995.07.??"]
[Round "?"]
[White "Borgo, Giulio"]
[Black "Zelcic, Robert"]
[Result "1/2-1/2"]
[WhiteElo "2345"]
[BlackElo "2500"]
[PlyCount "185"]
[EventDate "1995.07.20"]

1. e4 Nf6 2. e5 Nd5 3. d4 d6 4. c4 Nb6 5. exd6 cxd6 6. Nc3 g6 7. Bd3 Bg7 8.
Nge2 O-O 9. O-O Nc6 10. d5 Nb4 11. b3 e6 12. dxe6 Bxe6 13. Be3 d5 14. Bc5 Nxd3
15. Bxf8 Qxf8 16. Qxd3 dxc4 17. Qf3 cxb3 18. axb3 Qb4 19. Rab1 Rc8 20. Ne4 f5
21. Ng5 Bd5 22. Qf4 Qe7 23. Rfe1 h6 24. Nf3 g5 25. Qd2 Qf7 26. Nfd4 Rd8 27. Qa5
Be5 28. Rbd1 Re8 29. Ng3 f4 30. Ngf5 Qf6 31. Qb4 Kh7 32. g4 fxg3 33. hxg3 Qf7
34. Ne3 Rf8 35. Rd2 Bxd4 36. Qxd4 Bc6 37. Ng4 Qh5 38. Nh2 Qf7 39. Re5 Qh5 40.
Qe3 Qh3 41. Re4 Bxe4 42. Qxe4+ Kg8 43. Qxb7 Qe6 44. Qxa7 Qxb3 45. Qe7 Qf7 46.
Qxf7+ Kxf7 47. Rd6 Nc4 48. Rxh6 Ne5 49. Ra6 Rc8 50. Kg2 Rc2 51. Rd6 Ra2 52. Nf1
Ke7 53. Rd4 Ke6 54. Ne3 Kf6 55. Rd6+ Kf7 56. Rd5 Ke6 57. Rb5 Kf6 58. Nd5+ Ke6
59. Nc3 Rc2 60. Ne4 g4 61. Rb6+ Rc6 62. Rb5 Rc1 63. Rb6+ Rc6 64. Rxc6+ Nxc6 65.
Kf1 Ke5 66. Nd2 Kd4 67. Ke2 Ne5 68. Nf1 Ke4 69. Ne3 Kd4 70. Nf5+ Ke4 71. Nd6+
Kd5 72. Ne8 Ke4 73. Nf6+ Kf5 74. Nd5 Ke4 75. Ne3 Kd4 76. Nf1 Ke4 77. Nh2 Kd4
78. Nf1 Ke4 79. Nh2 Kd4 80. Kd2 Nc4+ 81. Ke1 Ne5 82. Ke2 Ke4 83. Nf1 Nd7 84.
Nd2+ Kd4 85. Nb3+ Kc3 86. Nd2 Kd4 87. f3 gxf3+ 88. Kxf3 Ke5 89. Kg4 Kf6 90. Kf4
Kg6 91. Nf3 Nf6 92. Ne5+ Kg7 93. Kf5 1/2-1/2

[Event "Torneo A"]
[Site "Formia ITA"]
[Date "1995.07.??"]
[Round "?"]
[White "Contin, Daniel"]
[Black "Bellia, Fabrizio"]
[Result "0-1"]
[WhiteElo "2365"]
[BlackElo "2300"]
[PlyCount "122"]
[EventDate "1995.07.20"]

1. c4 c5 2. Nc3 Nc6 3. g3 g6 4. Bg2 Bg7 5. e3 e6 6. Nge2 Nge7 7. Nf4 Nf5 8. d3
d6 9. Qd2 h5 10. h3 Bd7 11. b3 Rb8 12. Bb2 Qa5 13. O-O a6 14. Rfd1 b5 15. Rac1
O-O 16. Qe2 Qd8 17. Ne4 Qe7 18. Bxg7 Kxg7 19. Qb2+ e5 20. Nd5 Qd8 21. f4 Be6
22. fxe5 Nxe5 23. Qf2 Bxd5 24. cxd5 Qe7 25. d4 Nd7 26. Re1 Rbc8 27. g4 hxg4 28.
hxg4 Nh6 29. Qg3 cxd4 30. exd4 Rxc1 31. Rxc1 Nf6 32. Qxd6 Qxd6 33. Nxd6 Nhxg4
34. Rc6 Ra8 35. Rc7 Nh6 36. a4 bxa4 37. bxa4 a5 38. Nb5 Nf5 39. Kf2 Kf8 40. Bh3
Nxd5 41. Bxf5 Nxc7 42. Nxc7 Rd8 43. Bd3 Rxd4 44. Bb5 Ke7 45. Ke3 Rd1 46. Bc4 f5
47. Nd5+ Kd6 48. Nc3 Rg1 49. Be2 Ke5 50. Nd1 Rg3+ 51. Bf3 g5 52. Kf2 f4 53. Nb2
Kd4 54. Be2 Rc3 55. Nd1 Rc2 56. Ke1 Ra2 57. Nf2 Rxa4 58. Nh3 Ke3 59. Nxg5 Ra1+
60. Bd1 a4 61. Nf3 Rxd1+ 0-1

[Event "Torneo A"]
[Site "Formia ITA"]
[Date "1995.07.??"]
[Round "?"]
[White "Contin, Daniel"]
[Black "Fiore, Mario"]
[Result "0-1"]
[WhiteElo "2365"]
[BlackElo "2340"]
[PlyCount "70"]
[EventDate "1995.07.20"]

1. c4 e5 2. Nc3 Nf6 3. Nf3 Nc6 4. g3 Bc5 5. Nxe5 Bxf2+ 6. Kxf2 Nxe5 7. e4 c5 8.
d3 d6 9. h3 O-O 10. Kg1 Ne8 11. Rh2 Nc7 12. Rf2 Ne6 13. Be3 Nd4 14. Nb5 Nec6
15. Qh5 a6 16. Nxd4 Nxd4 17. Bg2 Be6 18. b4 b6 19. Kh2 Ra7 20. Rb1 Nc6 21. a3
Ne5 22. Bf1 f6 23. Rfb2 Qd7 24. Bf4 g6 25. Qd1 g5 26. Bc1 Qg7 27. bxc5 bxc5 28.
Rb8 Raf7 29. Rxf8+ Rxf8 30. Rb6 Qh6 31. Rxd6 Bg4 32. Qb3 Nf3+ 33. Kg2 Qxh3+ 34.
Kf2 Qh2+ 35. Bg2 Qg1+ 0-1

[Event "Torneo A"]
[Site "Formia ITA"]
[Date "1995.07.??"]
[Round "?"]
[White "Contin, Daniel"]
[Black "Klinova, Masha"]
[Result "1-0"]
[WhiteElo "2365"]
[BlackElo "2265"]
[PlyCount "140"]
[EventDate "1995.07.20"]

1. c4 e5 2. Nc3 Nc6 3. g3 g6 4. Bg2 Bg7 5. e3 d6 6. Nge2 f5 7. d3 Nf6 8. Rb1
O-O 9. b4 h6 10. O-O Ne7 11. f4 Kh7 12. Qc2 exf4 13. gxf4 d5 14. c5 c6 15. Nd4
Neg8 16. Nce2 Re8 17. b5 Qc7 18. Bd2 Re7 19. h3 Bd7 20. bxc6 Bxc6 21. Rb2 Rae8
22. Rfb1 Nd7 23. Nb5 Bxb5 24. Rxb5 Ngf6 25. Qc1 b6 26. cxb6 Nxb6 27. Rc5 Qd7
28. Nd4 Qa4 29. Nc6 Rc7 30. Rb3 Rec8 31. Ra3 Rxc6 32. Rxa4 Rxc5 33. Qd1 Nxa4
34. Qxa4 Rc2 35. Bb4 Rb2 36. Bf1 Rcc2 37. a3 Rc1 38. Qxa7 Rbb1 39. Bf8 Rxf1+
40. Kg2 Nh5 41. a4 Rfd1 42. e4 dxe4 43. dxe4 fxe4 44. Kf2 Rf1+ 45. Ke3 Rbe1+
46. Kd2 e3+ 47. Kd3 Nxf4+ 48. Ke4 Ne6 49. Bxg7 Nxg7 50. a5 e2 51. Kd3 Rf5 52.
Kd2 Ra1 53. Kxe2 Rfxa5 54. Qf7 Ra7 55. Qd5 Nf5 56. Qd8 R1a3 57. h4 Rh3 58. Kf2
Ra2+ 59. Kg1 Rg3+ 60. Kh1 Re3 61. Qd1 Rae2 62. Qd7+ Re7 63. Qd3 Nxh4 64. Qa6
Rd2 65. Qa1 Rde2 66. Qa8 Nf5 67. Kg1 h5 68. Qc6 h4 69. Qc3 Re1+ 70. Kf2 R7e2+
1-0

[Event "Torneo A"]
[Site "Formia ITA"]
[Date "1995.07.??"]
[Round "?"]
[White "Contin, Daniel"]
[Black "Kovacevic, Blazimir"]
[Result "0-1"]
[WhiteElo "2365"]
[BlackElo "2340"]
[PlyCount "114"]
[EventDate "1995.07.20"]

1. c4 e5 2. Nc3 Bb4 3. Qb3 Nc6 4. Nf3 d6 5. e3 Nf6 6. Nd5 Bc5 7. d3 O-O 8. Be2
Nxd5 9. cxd5 Ne7 10. O-O a5 11. d4 exd4 12. Nxd4 a4 13. Qc4 c6 14. e4 b5 15.
Qd3 cxd5 16. Bg5 dxe4 17. Qxe4 d5 18. Qd3 Qb6 19. Qxb5 Nf5 20. Nxf5 Bxf5 21.
Qxb6 Bxb6 22. Rfd1 d4 23. Rac1 Rfc8 24. Bc4 h6 25. Bf4 Rd8 26. Bd3 Bxd3 27.
Rxd3 Rac8 28. Rxc8 Rxc8 29. Kf1 Rc2 30. Rd2 Rc1+ 31. Ke2 Ra1 32. a3 f6 33. Kd3
g5 34. Bd6 Rc1 35. Rc2 Rd1+ 36. Ke2 Rg1 37. Rc6 d3+ 38. Kxd3 Bxf2 39. Ke4 Rb1
40. Kf5 Kf7 41. Rc7+ Ke8 42. Ke6 Re1+ 43. Kxf6 Bd4+ 44. Kf5 Bxb2 45. Rc4 Kd7
46. Bg3 Rf1+ 47. Kg6 Rf6+ 48. Kh5 Ra6 49. Rc7+ Kd8 50. Rh7 Bxa3 51. Rxh6 Rxh6+
52. Kxh6 Kd7 53. Be1 Be7 54. g4 a3 55. Bc3 a2 56. h4 gxh4 57. g5 Bxg5+ 0-1

[Event "Torneo A"]
[Site "Formia ITA"]
[Date "1995.07.??"]
[Round "?"]
[White "Contin, Daniel"]
[Black "Nurkic, Sahbaz"]
[Result "1-0"]
[WhiteElo "2365"]
[BlackElo "2420"]
[PlyCount "55"]
[EventDate "1995.07.20"]

1. c4 e5 2. Nc3 Nf6 3. Nf3 Nc6 4. g3 d6 5. Bg2 Be6 6. d4 Bg4 7. d5 Nb8 8. h3
Bc8 9. O-O g6 10. e4 Bg7 11. c5 O-O 12. cxd6 cxd6 13. Be3 a6 14. Nd2 Nbd7 15.
Nc4 Ne8 16. a4 f5 17. exf5 gxf5 18. f4 Rf6 19. fxe5 Nxe5 20. Nb6 Rb8 21. Ne2
Rg6 22. Nxc8 Rxc8 23. b3 Qd7 24. Rc1 Nf6 25. Rxc8+ Qxc8 26. Nd4 f4 27. Bxf4 Qc5
28. Kh1 1-0

[Event "Torneo A"]
[Site "Formia ITA"]
[Date "1995.07.??"]
[Round "?"]
[White "De Santis, Alessio"]
[Black "Contin, Daniel"]
[Result "1-0"]
[WhiteElo "2260"]
[BlackElo "2365"]
[PlyCount "65"]
[EventDate "1995.07.20"]

1. d4 Nf6 2. Nf3 e6 3. e3 b6 4. Bd3 Bb7 5. Nbd2 c5 6. O-O Nc6 7. c3 Qc7 8. a3
d5 9. b4 Bd6 10. bxc5 bxc5 11. a4 e5 12. dxe5 Nxe5 13. Bb5+ Ke7 14. a5 a6 15.
Be2 Ne4 16. Qc2 Ng4 17. g3 Bxg3 18. hxg3 Nexf2 19. Rxf2 Nxe3 20. Nf1 Nxc2 21.
Ra2 Rhe8 22. Bf4 Qd8 23. Bd3 Kf8 24. Raxc2 h6 25. Rb2 Bc8 26. Ne5 Be6 27. Rb7
Qxa5 28. Bh7 g5 29. Bxg5 Reb8 30. Rfxf7+ Bxf7 31. Rxf7+ Ke8 32. Re7+ Kd8 33.
Nc6+ 1-0

[Event "Torneo A"]
[Site "Formia ITA"]
[Date "1995.07.??"]
[Round "?"]
[White "De Santis, Alessio"]
[Black "Kadimova, Ilaha"]
[Result "0-1"]
[WhiteElo "2260"]
[BlackElo "2305"]
[PlyCount "148"]
[EventDate "1995.07.20"]

1. d4 d5 2. Nf3 Nf6 3. e3 Bf5 4. Bd3 Bxd3 5. Qxd3 c6 6. c4 e6 7. O-O Nbd7 8.
Nc3 Bb4 9. b3 O-O 10. Bb2 a5 11. Ne2 Ne4 12. c5 a4 13. a3 Ba5 14. b4 Bc7 15.
Ne5 f6 16. Nxd7 Qxd7 17. f3 Ng5 18. b5 cxb5 19. Rac1 Nf7 20. Rfd1 Rfe8 21. Nc3
Ra5 22. f4 b6 23. c6 Qxc6 24. Nxa4 Qd7 25. Nc3 Nd6 26. Rb1 Nc4 27. Bc1 Bd6 28.
e4 Bxa3 29. f5 dxe4 30. fxe6 exd3 31. exd7 Rd8 32. Nxb5 Rxd7 33. Nxa3 Nxa3 34.
Rxb6 Rxd4 35. Rb3 Nc4 36. Rbxd3 Rxd3 37. Rxd3 Ra1 38. Rd1 Ne5 39. Rf1 Ra2 40.
Bf4 Nc6 41. Rd1 Kf7 42. Re1 h5 43. Rd1 g5 44. Bc7 Kg6 45. h3 Rc2 46. Rf1 h4 47.
Rf2 Rc1+ 48. Rf1 Rc4 49. Kh2 Rc2 50. Rd1 Ne7 51. Bb8 Nf5 52. Ba7 Ng3 53. Bb8
Ne4 54. Kg1 f5 55. Re1 Rc4 56. Ba7 f4 57. Bf2 Kf5 58. Ra1 Rc2 59. Be1 Ke5 60.
Rd1 Nd6 61. Bf2 Nc4 62. Re1+ Kf5 63. Rd1 Ne5 64. Ra1 Ke4 65. Ra4+ Nc4 66. Ra1
Ne3 67. Re1 Kd3 68. Ra1 Ke2 69. Re1+ Kd2 70. Kh1 Rc1 71. Rxc1 Kxc1 72. Be1 Kd1
73. Ba5 Ke2 74. Kg1 Nxg2 0-1

[Event "Torneo A"]
[Site "Formia ITA"]
[Date "1995.07.??"]
[Round "?"]
[White "De Santis, Alessio"]
[Black "Marinelli, Tullio"]
[Result "0-1"]
[WhiteElo "2260"]
[BlackElo "2440"]
[PlyCount "78"]
[EventDate "1995.07.20"]

1. d4 Nf6 2. Nf3 e6 3. e3 b6 4. Bd3 Bb7 5. Nbd2 c5 6. O-O Nc6 7. Re1 Be7 8. c3
Rc8 9. a3 cxd4 10. exd4 O-O 11. Nc4 d6 12. Ncd2 Nb8 13. c4 d5 14. b3 Bd6 15.
Bb2 Qe7 16. Ne5 Rfd8 17. Qe2 Nc6 18. Nxc6 Rxc6 19. Nf3 Rc7 20. Ne5 Rdc8 21. a4
Bb4 22. Red1 Nd7 23. a5 dxc4 24. bxc4 Bxa5 25. Bxh7+ Kxh7 26. Qh5+ Kg8 27. Ra3
Nf6 28. Qh3 Be4 29. Rg3 Bf5 30. Qh6 Ng4 31. Qf4 Nxe5 32. Qxe5 f6 33. Qe3 Rxc4
34. d5 Bc3 35. d6 Qd7 36. Bc1 Be5 37. Rh3 Bxh3 38. Qxh3 Rxc1 39. Qd3 Rxd1+ 0-1

[Event "Torneo A"]
[Site "Formia ITA"]
[Date "1995.07.??"]
[Round "?"]
[White "De Santis, Alessio"]
[Black "Zelcic, Robert"]
[Result "1-0"]
[WhiteElo "2260"]
[BlackElo "2500"]
[PlyCount "65"]
[EventDate "1995.07.20"]

1. d4 c5 2. e3 e6 3. Bd3 d5 4. Nf3 Nf6 5. c3 Nbd7 6. Nbd2 Bd6 7. O-O O-O 8. Re1
Qc7 9. e4 cxd4 10. cxd4 dxe4 11. Nxe4 Bf4 12. Nxf6+ Nxf6 13. Ne5 Bxc1 14. Rxc1
Qb6 15. g4 Nd5 16. g5 Nf4 17. Bf1 Qd8 18. Qg4 f6 19. gxf6 Qxf6 20. Re3 h5 21.
Qg3 b6 22. h4 Bb7 23. Rc7 Bd5 24. Nd7 Qh6 25. Nxf8 Rxf8 26. Re5 Qf6 27. Rxa7
Kh8 28. Rg5 g6 29. Qe3 Rc8 30. Kh2 Rc2 31. Kg3 Rxb2 32. Rxd5 Rc2 33. Rdd7 1-0

[Event "Torneo A"]
[Site "Formia ITA"]
[Date "1995.07.??"]
[Round "?"]
[White "Dizdarevic, Emir"]
[Black "Contin, Daniel"]
[Result "1-0"]
[WhiteElo "2500"]
[BlackElo "2365"]
[PlyCount "85"]
[EventDate "1995.07.20"]

1. d4 Nf6 2. Nf3 b6 3. Bg5 Bb7 4. Bxf6 gxf6 5. g3 e6 6. Bg2 c5 7. e3 cxd4 8.
exd4 Bh6 9. O-O d5 10. Re1 O-O 11. Nbd2 Nc6 12. Nf1 Qc7 13. c3 b5 14. Ne3 b4
15. cxb4 Nxb4 16. a3 Nc6 17. b4 Qb6 18. Bf1 Rfc8 19. Ng4 Bg7 20. Qd2 h5 21. Ne3
Ne7 22. Ng2 Ng6 23. Nfh4 Nxh4 24. Nxh4 Rc7 25. Rac1 Rac8 26. Rc5 Rxc5 27. bxc5
Qb3 28. Qb4 Qxb4 29. axb4 a6 30. f4 Rb8 31. Rb1 Bc8 32. Kf2 e5 33. Bd3 Bf8 34.
Ke3 Bh6 35. Nf5 Bxf5 36. Bxf5 Re8 37. c6 exf4+ 38. Kf2 fxg3+ 39. hxg3 Be3+ 40.
Kf3 Bxd4 41. c7 Re3+ 42. Kg2 Rxg3+ 43. Kxg3 1-0

[Event "Torneo A"]
[Site "Formia ITA"]
[Date "1995.07.??"]
[Round "?"]
[White "Dizdarevic, Emir"]
[Black "Drazic, Sinisa"]
[Result "1-0"]
[WhiteElo "2500"]
[BlackElo "2405"]
[PlyCount "111"]
[EventDate "1995.07.20"]

1. d4 e6 2. Nf3 f5 3. d5 Bb4+ 4. Bd2 Qe7 5. c4 Nf6 6. Nc3 O-O 7. g3 c6 8. dxe6
dxe6 9. a3 Bd6 10. Bg2 e5 11. O-O e4 12. Nd4 Be5 13. Nc2 Be6 14. b3 Nbd7 15.
Rb1 Rad8 16. Qc1 Qf7 17. f4 exf3 18. Bxf3 Qg6 19. Ne1 f4 20. Bxf4 Bxf4 21. Qxf4
Nd5 22. Qc1 Nxc3 23. Qxc3 Qxb1 24. Nd3 Qxf1+ 25. Kxf1 Nf6 26. Kg2 a6 27. h3 Bf5
28. Nc5 Rf7 29. g4 Bc8 30. a4 Nd7 31. Ne4 Nf6 32. Nc5 Nd7 33. Nd3 Nf8 34. b4
Ne6 35. b5 cxb5 36. cxb5 axb5 37. axb5 Kh8 38. Qc4 Rc7 39. Qb4 b6 40. Ne5 Nc5
41. Qf4 Ne6 42. Qe3 Nd4 43. Nc6 Nxc6 44. bxc6 Rf8 45. Qxb6 Rcf7 46. Bd5 Re7 47.
e4 h6 48. Qc5 Ree8 49. c7 Rf6 50. Kg3 Rf1 51. Qc6 Ref8 52. e5 Re1 53. Qd6 Re3+
54. Kh4 Re8 55. Bf7 R3xe5 56. Qd8 1-0

[Event "Torneo A"]
[Site "Formia ITA"]
[Date "1995.07.??"]
[Round "?"]
[White "Dizdarevic, Emir"]
[Black "Godena, Michele"]
[Result "1-0"]
[WhiteElo "2500"]
[BlackElo "2420"]
[PlyCount "68"]
[EventDate "1995.07.20"]

1. Nf3 Nf6 2. c4 c6 3. d4 d5 4. Qc2 e6 5. g3 Be7 6. Bg2 O-O 7. O-O b6 8. b3
Nbd7 9. Rd1 Bb7 10. Nc3 Rc8 11. e4 c5 12. exd5 exd5 13. Bb2 Re8 14. dxc5 Bxc5
15. Ng5 h6 16. Nh3 b5 17. Nxd5 Bxd5 18. Bxd5 Nxd5 19. Rxd5 bxc4 20. Qf5 Re6 21.
Rad1 Rc7 22. Nf4 Qe7 23. Rxd7 Bxf2+ 24. Kg2 Rxd7 25. Rxd7 Qxd7 26. Nxe6 Bb6 27.
Nd4 Qb7+ 28. Qf3 Qa6 29. Qa8+ Kh7 30. Qe4+ Kg8 31. Qe8+ Kh7 32. Qa4 Qb7+ 33.
Qc6 Qa6 34. Qxc4 Qxa2 1-0

[Event "Torneo A"]
[Site "Formia ITA"]
[Date "1995.07.??"]
[Round "?"]
[White "Djuric, Stefan"]
[Black "Drazic, Sinisa"]
[Result "1-0"]
[WhiteElo "2470"]
[BlackElo "2405"]
[PlyCount "130"]
[EventDate "1995.07.20"]

1. e4 c6 2. d4 d5 3. Nc3 dxe4 4. Nxe4 Bf5 5. Ng3 Bg6 6. h4 h6 7. N1e2 Nf6 8.
Nf4 Bh7 9. Bc4 e6 10. c3 Bd6 11. Ngh5 O-O 12. Rh3 Nbd7 13. Rg3 Nxh5 14. Qxh5
Kh8 15. Be3 Nf6 16. Qd1 Qc7 17. Qc1 e5 18. dxe5 Bxe5 19. Kf1 b5 20. Be2 Rfe8
21. a4 Ne4 22. Rf3 a6 23. Nd3 Bf6 24. Bf4 Qe7 25. Re3 Qd7 26. axb5 cxb5 27. h5
Qd5 28. Kg1 a5 29. Qe1 a4 30. Bf3 Re6 31. Rd1 Qc4 32. Nb4 Rd8 33. Rxd8+ Bxd8
34. Bg4 f5 35. Be2 Qc5 36. Rd3 Bf6 37. Rd5 Qa7 38. Rxb5 a3 39. Rb8+ Bg8 40.
Rxg8+ Kxg8 41. Bc4 Kf7 42. Be3 Qc7 43. Bxe6+ Kxe6 44. bxa3 Bxc3 45. Qe2 Bxb4
46. axb4 Nc3 47. Qa6+ Kd5 48. Qa5+ Qxa5 49. bxa5 Nb5 50. g3 Nc7 51. Kg2 Na6 52.
Kf3 Ke6 53. Kf4 Kf6 54. Bc1 Kf7 55. Bb2 g6 56. hxg6+ Kxg6 57. Ke5 Kg5 58. Bc1+
Kg6 59. Kd6 h5 60. Bd2 Kf6 61. Bf4 Kf7 62. Be5 Kg6 63. Kc6 Kg5 64. Kb5 Kg4 65.
Kxa6 f4 1-0

[Event "Torneo A"]
[Site "Formia ITA"]
[Date "1995.07.??"]
[Round "?"]
[White "Djuric, Stefan"]
[Black "Malaniuk, Vladimir P."]
[Result "1-0"]
[WhiteElo "2470"]
[BlackElo "2580"]
[PlyCount "77"]
[EventDate "1995.07.20"]

1. e4 e5 2. Nc3 Nf6 3. Nf3 Nc6 4. Bc4 Nxe4 5. Nxe4 d5 6. Bd3 dxe4 7. Bxe4 Bd6
8. O-O O-O 9. c3 h6 10. Re1 Re8 11. h3 Bd7 12. a3 a5 13. d4 exd4 14. cxd4 a4
15. Qd3 Na5 16. Be3 c6 17. Rad1 Nc4 18. Bh7+ Kh8 19. Qxc4 Kxh7 20. d5 Ra6 21.
dxc6 Rxc6 22. Qxf7 Qe7 23. Qd5 Qe4 24. Qh5 Qc4 25. Rd4 Qb3 26. Ng5+ Kg8 27. Ne4
Re6 28. Qd1 Qxd1 29. Rexd1 Bc7 30. Rxd7 Rxe4 31. Bd4 Bb6 32. Rxg7+ Kf8 33. Rg4
Rxg4 34. hxg4 Bxd4 35. Rxd4 Rc1+ 36. Kh2 Rc2 37. Kg3 b5 38. Rb4 Rc5 39. Rf4+
1-0

[Event "Torneo A"]
[Site "Formia ITA"]
[Date "1995.07.??"]
[Round "?"]
[White "Djuric, Stefan"]
[Black "Tiviakov, Sergei"]
[Result "0-1"]
[WhiteElo "2470"]
[BlackElo "2655"]
[PlyCount "70"]
[EventDate "1995.07.20"]

1. d4 Nf6 2. c4 e6 3. Nf3 b6 4. Nc3 Bb4 5. Bd2 Bb7 6. g3 c5 7. a3 Bxc3 8. Bxc3
Ne4 9. Rc1 O-O 10. Bg2 d6 11. O-O Nd7 12. Qc2 Rc8 13. Rfd1 Nxc3 14. Qxc3 Qe7
15. Qe3 Nf6 16. d5 Rce8 17. dxe6 fxe6 18. b4 Ne4 19. bxc5 bxc5 20. Rb1 Ba8 21.
h4 d5 22. cxd5 exd5 23. Qd3 d4 24. Rbc1 h6 25. Qc4+ Kh8 26. Re1 Nxf2 27. Kxf2
Qe3+ 28. Kf1 Bxf3 29. exf3 Rxf3+ 30. Bxf3 Qxf3+ 31. Kg1 Qxg3+ 32. Kf1 Rf8+ 33.
Ke2 Rf2+ 34. Kd1 Qf3+ 35. Re2 d3 0-1

[Event "Torneo A"]
[Site "Formia ITA"]
[Date "1995.07.??"]
[Round "?"]
[White "Drasko, Milan"]
[Black "Grosar, Aljosa"]
[Result "1/2-1/2"]
[WhiteElo "2505"]
[BlackElo "2485"]
[PlyCount "78"]
[EventDate "1995.07.20"]

1. d4 Nf6 2. c4 e6 3. Nc3 Bb4 4. Qc2 c5 5. dxc5 Na6 6. a3 Qa5 7. Bd2 Nxc5 8.
Rd1 Bxc3 9. Bxc3 Qa4 10. Qxa4 Nxa4 11. Be5 b6 12. b3 Nc5 13. b4 Na4 14. f3 Ba6
15. e4 Rc8 16. b5 Bb7 17. Nh3 d5 18. cxd5 exd5 19. exd5 Nc3 20. Rc1 Ncxd5 21.
Rxc8+ Bxc8 22. Nf4 Nxf4 23. Bxf4 Nd5 24. Bd2 Be6 25. Kf2 Kd7 26. Bd3 Rc8 27. g4
g6 28. h4 Ne7 29. Rc1 Rxc1 30. Bxc1 f5 31. Kg3 Nd5 32. h5 Ke7 33. Kh4 Kf7 34.
Kg5 Bd7 35. hxg6+ hxg6 36. Bc4 Be6 37. Bd3 Bd7 38. Bc4 Be6 39. Bd3 Bd7 1/2-1/2

[Event "Torneo A"]
[Site "Formia ITA"]
[Date "1995.07.??"]
[Round "?"]
[White "Drasko, Milan"]
[Black "Tatai, Stefano"]
[Result "1/2-1/2"]
[WhiteElo "2505"]
[BlackElo "2435"]
[PlyCount "43"]
[EventDate "1995.07.20"]

1. d4 Nf6 2. c4 e6 3. Nc3 Bb4 4. Qc2 O-O 5. a3 Bxc3+ 6. Qxc3 Qe8 7. e3 b6 8. f3
d6 9. b4 e5 10. dxe5 dxe5 11. Bb2 Nfd7 12. Nh3 a5 13. Be2 axb4 14. axb4 Rxa1+
15. Bxa1 Qe7 16. O-O Na6 17. Rb1 Re8 18. Nf2 Nf8 19. Qa3 Nb8 20. Bc3 Ng6 21.
Be1 Bf5 22. Rd1 1/2-1/2

[Event "Torneo A"]
[Site "Formia ITA"]
[Date "1995.07.??"]
[Round "?"]
[White "Drazic, Sinisa"]
[Black "Borgo, Giulio"]
[Result "1/2-1/2"]
[WhiteElo "2405"]
[BlackElo "2345"]
[PlyCount "103"]
[EventDate "1995.07.20"]

1. Nf3 c5 2. c4 Nf6 3. Nc3 d5 4. cxd5 Nxd5 5. Qa4+ Bd7 6. Qb3 Nb4 7. a3 Be6 8.
Qa4+ Bd7 9. Qd1 N4c6 10. e3 e6 11. d4 cxd4 12. exd4 Be7 13. Bd3 Bf6 14. Be4 Na6
15. O-O Nc7 16. Qd3 h6 17. Bf4 O-O 18. Rad1 Rc8 19. Rfe1 Re8 20. Ne5 Nd5 21.
Bh7+ Kf8 22. Nxd5 exd5 23. Qb3 g5 24. Qxb7 Re7 25. Bg3 Bxe5 26. Bxe5 Bf5 27.
Qa6 Bxh7 28. Bd6 Qxd6 29. Qxc8+ Kg7 30. Rxe7 Nxe7 31. Qc5 Qd7 32. b4 Ng8 33.
Rc1 Nf6 34. b5 Bd3 35. a4 Bc4 36. Re1 g4 37. Qe7 Qf5 38. Qe5 Qd3 39. Qe3 Qf5
40. f3 gxf3 41. gxf3 Kh7 42. Kh1 Nh5 43. Rg1 Ng7 44. Qf2 Bd3 45. Re1 Ne6 46.
Re5 Qf4 47. Qe3 Qxe3 48. Rxe3 Bc4 49. Kg1 Kg6 50. Re5 Kf6 51. Rh5 Kg6 52. Re5
1/2-1/2

[Event "Torneo A"]
[Site "Formia ITA"]
[Date "1995.07.??"]
[Round "?"]
[White "Drazic, Sinisa"]
[Black "Kadimova, Ilaha"]
[Result "1-0"]
[WhiteElo "2405"]
[BlackElo "2305"]
[PlyCount "71"]
[EventDate "1995.07.20"]

1. d4 d5 2. Bg5 h6 3. Bh4 c5 4. Nc3 Qa5 5. dxc5 e6 6. e4 g5 7. Qd4 Rh7 8. Bb5+
Bd7 9. b4 Qd8 10. Bg3 Bg7 11. Be5 Bxb5 12. Bxg7 Nc6 13. Qd2 Bc4 14. exd5 exd5
15. Bd4 f6 16. Nge2 Re7 17. O-O Nxd4 18. Nxd4 Bxf1 19. Rxf1 Kf8 20. f4 gxf4 21.
Qxf4 Qb8 22. Nxd5 Qxf4 23. Rxf4 Re1+ 24. Kf2 Ra1 25. Nxf6 Nxf6 26. Rxf6+ Kg7
27. Rd6 Rxa2 28. Rd7+ Kg6 29. Rxb7 Rd8 30. Ke3 Ra3+ 31. Ke4 Rc3 32. Rxa7 Rc4
33. Ra6+ Kh7 34. Rd6 Re8+ 35. Kd5 Rxb4 36. c6 1-0

[Event "Torneo A"]
[Site "Formia ITA"]
[Date "1995.07.??"]
[Round "?"]
[White "Drazic, Sinisa"]
[Black "Lanzani, Mario"]
[Result "1-0"]
[WhiteElo "2405"]
[BlackElo "2330"]
[PlyCount "124"]
[EventDate "1995.07.20"]

1. e4 e5 2. Nf3 Nc6 3. Bb5 f5 4. Bxc6 dxc6 5. Nc3 Nf6 6. Qe2 fxe4 7. Nxe4 Bg4
8. h3 Bh5 9. d3 Bd6 10. Ng3 Bxf3 11. Qxf3 Qd7 12. Bg5 Rf8 13. Bxf6 Rxf6 14.
Qh5+ g6 15. Qg4 O-O-O 16. Qxd7+ Kxd7 17. Ne4 Rf4 18. Ke2 a5 19. a4 Be7 20. h4
h5 21. g3 Rf7 22. Kf1 Rdf8 23. Kg2 b6 24. Rhe1 Rf5 25. Rad1 c5 26. Rh1 c6 27.
Rde1 Rf3 28. Re2 Bd8 29. Rf1 R8f7 30. Rfe1 R3f5 31. Re3 Rf8 32. Rh1 R8f7 33.
Re2 Rf3 34. Ra1 Rf8 35. Ra3 R3f5 36. Rb3 Bc7 37. Rc3 Bd8 38. Rc4 Bc7 39. Nd2
R8f7 40. Rce4 Rf8 41. Nc4 Re8 42. b3 b5 43. Ne3 Rf7 44. Nd1 Ref8 45. Nc3 Rb8
46. Re1 Rff8 47. R1e3 Rf5 48. f3 Bd6 49. Re1 Kc7 50. Ra1 Kb6 51. Ree1 Rbf8 52.
Rf1 Be7 53. axb5 g5 54. bxc6 Kxc6 55. hxg5 Bxg5 56. Ne4 Bd8 57. Rae1 Kd5 58.
Nc3+ Kd4 59. Nd1 Bg5 60. Re4+ Kd5 61. Ra4 h4 62. Nc3+ Kc6 1-0

[Event "Torneo A"]
[Site "Formia ITA"]
[Date "1995.07.??"]
[Round "?"]
[White "Efimov, Igor"]
[Black "Djuric, Stefan"]
[Result "0-1"]
[WhiteElo "2450"]
[BlackElo "2470"]
[PlyCount "86"]
[EventDate "1995.07.20"]

1. d4 Nf6 2. c4 g6 3. Nc3 d5 4. Bg5 Ne4 5. Bf4 Nxc3 6. bxc3 Bg7 7. e3 dxc4 8.
Bxc4 O-O 9. h4 Nc6 10. h5 e5 11. hxg6 hxg6 12. Bh6 Bxh6 13. Rxh6 Kg7 14. Rh1
Qe7 15. Qd2 Bd7 16. Bb3 Rh8 17. Rxh8 Rxh8 18. O-O-O Bf5 19. Kb2 Rh2 20. Bd5 e4
21. Ne2 Rxg2 22. Ng3 Na5 23. Qe2 c6 24. Bb3 Qg5 25. Rd2 Rg1 26. d5 Bg4 27. Nxe4
Qe5 28. f3 Nxb3 29. axb3 cxd5 30. Nf2 Bh5 31. Nd3 Qf5 32. Nf4 Qb1+ 33. Ka3 Qa1+
34. Kb4 a5+ 35. Kb5 Qxc3 36. Kb6 Qc6+ 37. Ka7 Qc5+ 38. Kb8 b5 39. Rxd5 Qb6+ 40.
Ka8 Qc6+ 41. Kb8 Rc1 42. Nxh5+ Kh6 43. Nf4 Qb6+ 0-1

[Event "Torneo A"]
[Site "Formia ITA"]
[Date "1995.07.??"]
[Round "?"]
[White "Efimov, Igor"]
[Black "Kadimova, Ilaha"]
[Result "1-0"]
[WhiteElo "2450"]
[BlackElo "2305"]
[PlyCount "79"]
[EventDate "1995.07.20"]

1. d4 d5 2. c4 c6 3. Nf3 Nf6 4. Nbd2 Bf5 5. g3 e6 6. Bg2 Be7 7. O-O h6 8. b3
Nbd7 9. Bb2 O-O 10. Ne5 a5 11. a3 Nxe5 12. dxe5 Nd7 13. Qc1 Qb6 14. e4 dxe4 15.
Nxe4 Rfd8 16. Qc3 Nc5 17. Nd6 Bg6 18. Qe3 Qxb3 19. Bd4 Qxe3 20. fxe3 Bxd6 21.
exd6 Nb3 22. c5 Nxa1 23. Rxa1 f6 24. Ra2 Bd3 25. Rb2 Ra7 26. a4 Kf7 27. Kf2 Bc4
28. Ke1 e5 29. Bc3 Ke6 30. e4 g6 31. Kd2 f5 32. Ke3 Rd7 33. Bh3 Rf7 34. Rb1 Kf6
35. Kd2 fxe4 36. Ke3 Bd3 37. Rb2 Kg5 38. Bxe5 Rf3+ 39. Kd4 Rf8 40. d7 1-0